Top 50 de l'Année 2006 - Statistiques

Statistiques générales
  • Ce quiz a été pris 40 fois
  • Le résultat moyen est 11 sur 50
Statistiques - réponses
Artistes Chansons % Correct
1 SHAKIRA feat. WYCLEF JEAN Hips don't lie
71%
3 GNARLS BARKLEY Crazy
68%
8 SEAN PAUL Temperature
63%
40 JUANES La camisa negra
61%
4 RIHANNA S.O.S.
55%
14 DIAM'S Jeune demoiselle
53%
43 CASCADA Everytime we touch
47%
34 TRIBAL KING Façon sex
47%
9 THE BLACK EYED PEAS Pump it
47%
49 NÂDIYA Roc
37%
25 JAMES BLUNT Goodbye my lover
34%
17 JUSTIN TIMBERLAKE Sexy back
34%
19 ZUCCHERO & MANÁ Baila morena
32%
44 SHY'M Femme de couleur
32%
7 FAF LARAGE Pas le temps
32%
18 NE-YO So sick
32%
11 BOB SINCLAR Rock this party
26%
6 JUANES A dios le pido
24%
21 KELLY CLARKSON Because of you
24%
2 NELLY FURTADO feat. TIMBALAND Promiscuous
24%
13 NATASHA ST-PIER Un ange frappe à ma porte
24%
15 AMINE J'voulais
21%
36 DAVID GUETTA vs. THE EGG Love don't let me go
21%
35 AKON feat. EMINEM Smack that
21%
10 RIHANNA Unfaithful
21%
28 NELLY FURTADO Maneater
18%
27 THE BLACK EYED PEAS My humps
18%
33 THE PUSSYCAT DOLLS feat. WILL.I.AM Beep
16%
50 THE PUSSYCAT DOLLS Beep
16%
5 CASSIE Me & U
16%
45 RED HOT CHILI PEPPERS Dani California
13%
31 ORSON No tomorrow
13%
47 FLORENT PAGNY Là où je t'emmènerai
11%
48 PAKITO Living on video
11%
41 JUSTIN TIMBERLAKE My love
11%
30 RIHANNA feat. SEAN PAUL Break it off
8%
29 SEAN PAUL Give it up to me
8%
42 NOLWENN LEROY Nolwenn Ohwo !
8%
24 MADONNA Sorry
8%
32 CHRISTINA AGUILERA Ain't no other man
5%
38 BEATRIZ LUENGO Hit lerele
5%
12 CHRIS BROWN Run it!
5%
23 MARY J. BLIGE Be without you
3%
22 JAMES BLUNT No bravery
3%
37 ROBBIE WILLIAMS Advertising space
0%
39 MARIAH CAREY feat. JERMAINE DUPRI Get your number
0%
16 DIAM'S La boulette (génération nan nan)
0%
46 SEAN PAUL Never gonna be the same
0%
20 THE PUSSYCAT DOLLS Stickwitu
0%
26 BOB SINCLAR feat. STEVE EDWARDS World, hold on (children of the sky)
0%
Aucun quiz correspondant
Distribution des résultats
% des personnes avec chaque résultat
Percentile par nombre de réponses
Votre historique - résultats
Vous n’avez pas pris ce quiz